Statistics for 8000m Peaks Quiz

Click here to take the quiz!

General Stats

  • This quiz has been taken 613 times
  • The average score is 6 of 14

Answer Stats

Elevation (m)Mountain% Correct
8848Everest
100%
8611K2
98%
8091Annapurna
56%
8516Lhotse
48%
8586Kanchenjunga
37%
8051Broad Peak
35%
8126Nanga Parbat
35%
8201Cho Oyu
32%
8481Makalu
32%
8156Manaslu
31%
8080Gasherbrum 1
24%
8035Gasherbrum 2
24%
8167Dhaulagiri
23%
8013Shishapangma
22%

Score Distribution

Percentile by Number Answered

Percent of People with Each Score

Your Score History

You have not taken this quiz